header

Ready, Freddy Ready Set Snow (Record no. 261021)

MARC details
000 -LEADER
fixed length control field 00244nam a22001097a 4500
020 ## - INTERNATIONAL STANDARD BOOK NUMBER
ISBN 9780439895965
100 ## - MAIN ENTRY--AUTHOR NAME
Personal name Abby Klein
245 ## - TITLE STATEMENT
Title Ready, Freddy Ready Set Snow
260 ## - PUBLICATION, DISTRIBUTION, ETC. (IMPRINT)
Place of publication New York
Name of publisher Scholastic
Year of publication 2009
300 ## - PHYSICAL DESCRIPTION
Number of Pages 94 pgs
942 ## - ADDED ENTRY ELEMENTS (KOHA)
Koha item type Long Loan Books
Holdings
Withdrawn status Lost status Collection code Home library Current library Shelving location Date acquired Accession Number Koha item type
    Fiction Rongo University Library Rongo University Library Children's Area 27/10/2023 CL20222810 Long Loan Books

© 2026 Rongo University
Contact us: librarian | system librarian | Rongo university